000
00339 a2200157 4500
001
59610
020
_a
9783785557426
040
_c
Anchieta - Pituba
100
_a
Meyer, Kai
240
1
0
_a
Lanze und licht
_l
por
245
1
0
_a
Lanze und licht
300
_a
383
362
0
_a
2008
650
4
_a
Literatura juvenil em alemão
942
_c
BK
999
_c
59610
_d
59610